Statistics for Music by Letter - V

Click here to take the quiz!

General Stats

  • This quiz has been taken 14,840 times
  • The average score is 16 of 22

Answer Stats

HintAnswer% Correct
Instrument played by Sherlock HolmesViolin
96%
City of Mozart and StraussVienna
91%
Slightly larger version of the
above instrument
Viola
91%
Elvis song: "Viva Las _____"Vegas
90%
The above composer's Italian birthplaceVenice
85%
Annual song contest: Euro______Vision
85%
Alto, or tenor, for exampleVoice
85%
Composer of "The Four Seasons"Vivaldi
84%
Posh Spice's real first nameVictoria
82%
Coldplay classic: "Viva la ____"Vida
82%
The loudness of a soundVolume
81%
Influential band: The ______ UndergroundVelvet
73%
German R&B duo, Milli _______Vanilli
72%
Song section preceding the chorusVerse
72%
Wagner's "Ride of the _________"Valkyries
66%
Hudgens, Carlton, or Paradis, e.g.Vanessa
63%
Musician with flawless technical skillVirtuoso
60%
Oscillation of pitch, often over-wobblyVibrato
59%
1990 one-word Madonna songVogue
58%
"La Bamba" singer RitchieValens
50%
Lana del Rey song: " _____ Games"Video
46%
Operatic composer of "La Traviata"Verdi
40%

Score Distribution

Percentile by Number Answered

Percent of People with Each Score

Your Score History

You have not taken this quiz